Post-capitalist society

Enregistré dans:
Détails bibliographiques
Auteur principal: Drucker, Peter F.
Format: Livre
Langue:anglais
Publié: New York Harper Business 1993
Sujets:
Tags: Ajouter un tag
Pas de tags, Soyez le premier à ajouter un tag!

MARC

LEADER 00000nam a2200000 4500
001 c103253
005 20221123112641.5
020 |a 0-88730-620-9 
041 0 |a eng 
044 |a US 
245 1 0 |a Post-capitalist society  |c Peter F. Drucker 
264 1 |a New York  |b Harper Business  |c 1993 
300 |a 232 s. 
610 2 0 |a dejiny myslenia ekonomického 
610 2 0 |a dejiny hospodárske 
610 2 0 |a dejiny teórií ekonomických 
610 2 0 |a kapitalizmus 
610 2 0 |a politika svetová 
610 2 0 |a spoločnosť postkapitalistická 
100 1 |a Drucker, Peter F.